Исследование лигнина, выделенного при помощи ультразвука; Девятый Менделеевский съезд. Секция химии и технологии природных соединений; № 4

Dades bibliogràfiques
Parent link:Девятый Менделеевский съезд. Секция химии и технологии природных соединений: Рефераты докладов и сообщений
№ 4.— 1965.— С. 128
Autor principal: Першина Л. А.
Altres autors: Янковский Б. А.
Idioma:rus
Publicat: 1965
Matèries:
Format: MixedMaterials Capítol de llibre
KOHA link:https://koha.lib.tpu.ru/cgi-bin/koha/opac-detail.pl?biblionumber=591557

MARC

LEADER 00000naa0a2200000 4500
001 591557
005 20250826120046.0
035 |a (RuTPU)RU\TPU\tpu\1918 
035 |a TPU00001918 
090 |a 591557 
100 |a 20011210d1965 k||y0rusy50 ca 
101 0 |a rus 
102 |a RU 
200 1 |a Исследование лигнина, выделенного при помощи ультразвука  |f Л. А. Першина, Б. А. Янковский 
461 1 |t Девятый Менделеевский съезд. Секция химии и технологии природных соединений  |o Рефераты докладов и сообщений 
463 1 |t № 4  |v С. 128  |d 1965 
610 1 |a химические науки 
610 1 |a труды учёных ТПУ 
700 1 |a Першина  |b Л. А. 
701 1 |a Янковский  |b Б. А. 
801 0 |a RU  |b 63413507  |c 20011210  |g PSBO 
801 2 |a RU  |b 63413507  |c 20060316  |g PSBO 
942 |c BK